NBA Top 10 Best Teams That Never Won a Championship All-Time - Statistics

General Stats
  • This quiz has been taken 254 times
  • The average score is 5 of 15
Answer Stats
Player % Correct
Golden State Warriors 2016
80%
Utah Jazz 1998
55%
Utah Jazz 1997
51%
Phoenix Suns 1993
38%
Los Angeles Lakers 1986
35%
New York Knicks 1994
32%
Los Angeles Lakers 1969
30%
Seattle SuperSonics 1996
28%
Houston Rockets 2018
27%
Orlando Magic 1995
27%
Sacramento Kings 2002
26%
Boston Celtics 2009
20%
Detroit Pistons 1988
15%
Chicago Bulls 2011
7%
Cleveland Cavaliers 2009
7%
No matching quizzes found
Score Distribution
Percent of People with Each Score
Percentile by Number Answered
Your Score History
You have not taken this quiz